The Armor of God (According to the Bible) - Statistics

General Stats
  • This quiz has been taken 160 times
  • The average score is 8 of 12
Answer Stats
Answer % Correct
helmet
89%
sword
86%
shield
83%
breastplate
80%
faith
64%
righteousness
64%
shoes
61%
truth
60%
the spirit / word of God
58%
belt
54%
salvation
48%
peace
45%
No matching quizzes found
Score Distribution
Percent of People with Each Score
Percentile by Number Answered
Your Score History
You have not taken this quiz